000 00616nam a2200181Ia 4500
008 090123s9999 xx 000 0 und d
082 _b25109
_a891.463/सराफ
100 _aसराफ वसंत
245 _aअसे हेर अशी कारस्थाने
250 _a1
260 _bव्हिनस प्रकाशन
300 _a248
600 _aसराफ वसंत
630 _aअसे हेर अशी कारस्थाने
700 _aसराफ वसंत
730 _aअसे हेर अशी कारस्थाने
942 _cBOOK
999 _c63180
_d63180